000 00533nam a22001937a 4500
003 KOHA_MİRAKIL
005 20251013082634.0
008 251013b tu ||||| |||| 00| 0 tur d
020 _a9786053263777
040 _aTR-AnABB
_btur
_cTR-AnABB
041 _atur
082 _a813.42
_bCIM 2019
100 1 _aÇimen, Muhammed,
245 1 0 _aDevridaim makinesi /
_cMuhammed Çimen
260 _aİstanbul :
_bİz Yayıncılık,
_c2019
300 _a80 sayfa ;
_c21 cm
650 0 4 _aTürk edebiyatı, roman
942 _2ddc
_cBK
999 _c9114
_d9114
900 _bGizem YORULMAZ